Statistics for Biggest Cities once in the British Empire

Click here to take the quiz!

General Stats

  • This quiz has been taken 2,016 times
  • The average score is 15 of 24

Answer Stats

Pop.City% Correct
26.4 milDelhi
91%
14.4 milLondon
91%
23.2 milMumbai
91%
16.8 milCairo
79%
24.3 milKarachi
77%
7.1 milToronto
74%
17.1 milLagos
72%
13.4 milJohannesburg
71%
17.6 milDhaka
70%
7.3 milHong Kong
68%
16.0 milKolkata
67%
10.2 milLahore
67%
10.0 milChennai
64%
6.9 milSingapore
62%
10.5 milBangalore
58%
9.0 milHyderabad
58%
7.4 milBoston
51%
7.0 milKuala Lumpur
48%
8.4 milWashington
47%
7.5 milAhmedabad
44%
7.3 milPhiladelphia
44%
22.0 milNew York City
41%
9.8 milChicago
38%
6.9 milBaghdad
37%

Score Distribution

Percentile by Number Answered

Percent of People with Each Score

Your Score History

You have not taken this quiz